Proyecciones jurídicas y socioeconómicas de las inversiones extranjeras en Colombia / (Registro nro. 8097)
[ vista simple ]
| 000 -LEADER | |
|---|---|
| fixed length control field | 01175nam a2200217Ia 4500 |
| 003 - CONTROL NUMBER IDENTIFIER | |
| control field | OSt |
| 005 - DATE AND TIME OF LATEST TRANSACTION | |
| control field | 20210727231511.0 |
| 008 - FIXED-LENGTH DATA ELEMENTS--GENERAL INFORMATION | |
| fixed length control field | 210310s1980 ck fr 000 0 spa d |
| 040 ## - CATALOGING SOURCE | |
| Original cataloging agency | CO-JMCR |
| Transcribing agency | CO-JMCR |
| 041 0# - LANGUAGE CODE | |
| Language code of text/sound track or separate title | spa |
| 082 04 - DEWEY DECIMAL CLASSIFICATION NUMBER | |
| Classification number | 341.752 / |
| Item number | C352p |
| Edition number | 23 |
| 100 1# - MAIN ENTRY--PERSONAL NAME | |
| Personal name | Castillo Triana, Rafael, |
| 9 (RLIN) | 16323 |
| Relator term | autor |
| 245 10 - TITLE STATEMENT | |
| Title | Proyecciones jurídicas y socioeconómicas de las inversiones extranjeras en Colombia / |
| Statement of responsibility, etc. | Rafael Castillo Triana |
| 260 ## - PUBLICATION, DISTRIBUTION, ETC. | |
| Place of publication, distribution, etc. | Bogotá : |
| Name of publisher, distributor, etc. | Pontificia Universidad Javeriana, |
| Date of publication, distribution, etc. | 1980 |
| 300 ## - PHYSICAL DESCRIPTION | |
| Extent | 178 páginas ; |
| Dimensions | 22 cm. |
| 500 ## - GENERAL NOTE | |
| General note | Incluye notas a pie de página. |
| 504 ## - BIBLIOGRAPHY, ETC. NOTE | |
| Bibliography, etc. note | Bibliografía: páginas [179-181] |
| 505 0# - FORMATTED CONTENTS NOTE | |
| Formatted contents note | Marco teórico -- Las inversiones extranjeras y el derecho -- Las inversiones extranjeras en la ciencia política -- Las inversiones extranjeras en la teoría económica -- Marco histórico -- Marco estructural -- Las inversiones extranjera en la economía mundial -- Las inversiones extranjeras en Colombia Marco Jurídico y Económico -- Las inversiones extranjeras y el empleo -- Las inversiones extranjeras y el sistema político colombiano |
| 650 14 - SUBJECT ADDED ENTRY--TOPICAL TERM | |
| Topical term or geographic name entry element | Inversiones extranjeras |
| 9 (RLIN) | 16325 |
| Geographic subdivision | Colombia |
| 942 ## - ADDED ENTRY ELEMENTS (KOHA) | |
| Source of classification or shelving scheme | Dewey Decimal Classification |
| Koha item type | Books |
| Withdrawn status | Lost status | Source of classification or shelving scheme | Damaged status | Not for loan | Collection code | Home library | Current library | Date acquired | Source of acquisition | Total Checkouts | Full call number | Barcode | Date last seen | Date last checked out | Copy number | Koha item type |
|---|---|---|---|---|---|---|---|---|---|---|---|---|---|---|---|---|
| Dewey Decimal Classification | Non-fiction | Biblioteca Pública José María del Castillo y Rada | Biblioteca Pública José María del Castillo y Rada | 04/15/2018 | Donación | 1 | 341.752 / C352p | 430003251 | 05/16/2024 | 01/26/2024 | Ej.1 | Books |